| 000 | 00388nam a22001337a 4500 | ||
|---|---|---|---|
| 005 | 20200622124900.0 | ||
| 008 | 200620b xxu||||| |||| 00| 0 eng d | ||
| 082 | _a345.5412 ICC-J | ||
| 245 | _aEASTERN - INDIA CRIMINAL [ 2019] CASES [EXCLUSIVELY] [VOL-1] BIHAR AND JHARKHAND CRIMINAL | ||
| 260 |
_aALLAHABAD _bRAJPAL & COMPANY |
||
| 300 | _a872;p | ||
| 650 |
_aLAW _95701 |
||
| 942 | _cJRL | ||
| 999 |
_c7355 _d7353 |
||